|
|
|
|
| LEADER |
00000naa2a2200000 4500 |
| 001 |
605019 |
| 005 |
20260220112320.0 |
| 035 |
|
|
|a (RuTPU)RU\TPU\conf\2304
|
| 035 |
|
|
|a RU\TPU\conf\2303
|
| 090 |
|
|
|a 605019
|
| 100 |
|
|
|a 20140328d2013 k y0rusy50 ca
|
| 101 |
0 |
|
|a rus
|
| 102 |
|
|
|a RU
|
| 135 |
|
|
|a arnn ---uucaa
|
| 181 |
|
0 |
|a i
|
| 182 |
|
0 |
|a b
|
| 200 |
1 |
|
|a Исследование влияния присадок и добавок на октановое число бензина
|f Е. В. Свиридова, М. В. Киргина
|g науч. рук. Э. Д. Иванчина
|
| 203 |
|
|
|a Текст
|c электронный
|
| 225 |
1 |
|
|a Современные технологии подготовки освоения и переработки минерального и углеводородного сырья
|v Моделирование процессов переработки углеводородного сырья
|
| 300 |
|
|
|a Заглавие с экрана
|
| 320 |
|
|
|a [Библиогр.: с. 146 (1 назв.)]
|
| 337 |
|
|
|a Adobe Reader
|
| 461 |
|
1 |
|0 (RuTPU)RU\TPU\conf\37
|t Проблемы геологии и освоения недр
|o труды XVII Международного симпозиума имени академика М. А. Усова студентов и молодых ученых, Томск, 1-5 апреля 2013 г.
|o в 2 т.
|f Национальный исследовательский Томский политехнический университет (ТПУ), Институт природных ресурсов (ИПР) ; Общество инженеров-нефтяников, Студенческий чаптер ; под ред. А. Ю. Дмитриева
|d 2013
|
| 463 |
|
1 |
|0 (RuTPU)RU\TPU\conf\39
|t Т. 2
|v [С. 144-146]
|d 2013
|
| 610 |
1 |
|
|a труды учёных ТПУ
|
| 610 |
1 |
|
|a электронный ресурс
|
| 610 |
1 |
|
|a присадки
|
| 610 |
1 |
|
|a добавки
|
| 610 |
1 |
|
|a октановые числа
|
| 610 |
1 |
|
|a бензины
|
| 700 |
|
1 |
|a Свиридова
|b Е. В.
|c специалист в области химической технологии, нефтехимии и биотехнологии
|c инженер Томского политехнического университета
|f 1994-
|g Елизавета Витальевна
|3 (RuTPU)RU\TPU\pers\46148
|
| 701 |
|
1 |
|a Киргина
|b М. В.
|c химик-технолог
|c доцент Томского политехнического университета, кандидат технических наук
|f 1988-
|g Мария Владимировна
|3 (RuTPU)RU\TPU\pers\29053
|9 13753
|
| 702 |
|
1 |
|a Иванчина
|b Э. Д.
|c химик
|c профессор Томского политехнического университета, доктор технических наук
|f 1951-
|g Эмилия Дмитриевна
|4 727
|
| 712 |
0 |
2 |
|a Национальный исследовательский Томский политехнический университет (ТПУ)
|b Институт природных ресурсов (ИПР)
|b Кафедра химической технологии топлива и химической кибернетики (ХТТ)
|3 (RuTPU)RU\TPU\col\18665
|
| 801 |
|
2 |
|a RU
|b 63413507
|c 20230315
|g RCR
|
| 856 |
4 |
|
|u http://www.lib.tpu.ru/fulltext/c/2013/C11/V2/061.pdf
|
| 942 |
|
|
|c CF
|